[Event "TCh-ESP Div Honor 2015"]
[Site "Linares ESP"]
[Date "2015.08.17"]
[Round "3.4"]
[Board "2"]
[White "Nisipeanu, Liviu-Dieter"]
[Black "Gustafsson, Jan"]
[Result "1-0"]
[WhiteTitle "GM"]
[BlackTitle "GM"]
[WhiteElo "2667"]
[BlackElo "2630"]
[WhiteTeam "Merida Patrimonio Humanidad"]
[BlackTeam "Chess24-VTI-Atocha"]
[WhiteFideId "1202758"]
[BlackFideId "4625498"]
[EventDate "2015.08.15"]

1. e4 e5 2. Nf3 Nc6 3. Bc4 Bc5 4. c3 Nf6 5. d3 O-O 6. O-O d6 7. h3 h6 8. Re1 Bb6
9. Nbd2 Ne7 10. Bb3 Ng6 11. Nf1 Be6 12. Ng3 Qd7 13. d4 Bxb3 14. Qxb3 Rfe8 15. a4
a5 16. Be3 exd4 17. Bxd4 Bxd4 18. Nxd4 c6 19. Ndf5 d5 20. exd5 Qxd5 21. Qxd5
Nxd5 22. Nd6 Rxe1+ 23. Rxe1 b6 24. Ngf5 Kf8 25. c4 Nb4 26. Re3 Na6 27. h4 Rd8
28. g3 h5 29. Rb3 Rb8 30. Ne4 Ne7 31. Nfd6 f6 32. c5 Nd5 33. Kg2 g6 34. cxb6 f5
35. Nd2 Nc5 36. Ra3 Rxb6 37. N6c4 Ra6 38. Nb3 Nd3 39. Ra1 N5b4 40. Rd1 c5 41.
Nc1 Nxc1 42. Rxc1 Re6 43. Rc3 Nc6 44. Rd3 Re4 45. b3 Rd4 46. Rc3 Ke7 47. Nb2 Rd2
48. Nd3 Kd6 49. Nxc5 Ne5 50. Nb7+ Kd5 51. Rc8 Nd3 52. Kf3 Ne5+ 53. Ke3 Rd3+ 54.
Ke2 Rxb3 55. Rd8+ Ke6 56. Nc5+ Ke7 57. Nxb3 Kxd8 58. Nxa5 Kc7 59. f4 Nd7 60. Nc4 1-0

[Event "TCh-ESP Div Honor 2015"]
[Site "Linares ESP"]
[Date "2015.08.17"]
[Round "3.4"]
[Board "4"]
[White "Landa, Konstantin"]
[Black "Almagro Llamas, Pablo"]
[Result "1/2-1/2"]
[WhiteTitle "GM"]
[BlackTitle "IM"]
[WhiteElo "2624"]
[BlackElo "2433"]
[WhiteTeam "Merida Patrimonio Humanidad"]
[BlackTeam "Chess24-VTI-Atocha"]
[WhiteFideId "4101685"]
[BlackFideId "2221799"]
[EventDate "2015.08.15"]

1. Nf3 Nf6 2. c4 e6 3. g3 d5 4. d4 dxc4 5. Bg2 Be7 6. Qa4+ Bd7 7. Qxc4 Bc6 8.
O-O O-O 9. Rd1 Bd5 10. Qd3 Be4 11. Qb3 Bd5 12. Qe3 c5 13. Nc3 Nc6 14. dxc5 Qa5
15. Nxd5 Nxd5 16. Qb3 Bxc5 17. Bd2 Qb6 18. Qxb6 Bxb6 19. Kf1 Rfd8 20. e3 Rac8
21. Ke2 Kf8 22. Rac1 h6 23. Be1 Nde7 24. Nd2 Rd7 25. Nc4 Rxd1 26. Rxd1 Bc7 27.
Nd6 Rd8 28. Nb5 Rxd1 29. Kxd1 Be5 30. Kc2 a6 31. Nc3 Ke8 32. a3 Kd7 33. f4 Bb8
34. Kd3 Ba7 35. g4 f6 36. h4 Nc8 37. h5 Nd6 38. Ne4 Nxe4 39. Bxe4 Bc5 40. Bc3
Bf8 41. Ke2 Kc7 42. g5 Be7 43. Kf3 Nb8 44. a4 Nd7 45. a5 Bf8 46. Bc2 Be7 47. Kg4
fxg5 48. Bxg7 Nf6+ 49. Kf3 Nxh5 50. Bxh6 gxf4 51. Bxf4+ Nxf4 1/2-1/2

[Event "TCh-ESP Div Honor 2015"]
[Site "Linares ESP"]
[Date "2015.08.17"]
[Round "3.4"]
[Board "5"]
[White "Congiu, Mathilde"]
[Black "Korneev, Oleg"]
[Result "0-1"]
[WhiteTitle "WIM"]
[BlackTitle "GM"]
[WhiteElo "2301"]
[BlackElo "2569"]
[WhiteTeam "Chess24-VTI-Atocha"]
[BlackTeam "Merida Patrimonio Humanidad"]
[WhiteFideId "634581"]
[BlackFideId "4156803"]
[EventDate "2015.08.15"]

1. e4 e5 2. Nf3 Nc6 3. Bc4 Bc5 4. c3 Nf6 5. d4 exd4 6. cxd4 Bb4+ 7. Nbd2 Bxd2+
8. Bxd2 Nxe4 9. d5 Ne7 10. Bb4 d6 11. O-O O-O 12. Re1 Nc5 13. Bc3 a5 14. Qd2 a4
15. Qf4 Bd7 16. Nd4 Ng6 17. Qg3 Qh4 18. Qxh4 Nxh4 19. Nb5 Rfc8 20. Re2 Nf5 21.
Rd1 Bxb5 22. Bxb5 c6 23. Bd3 Nxd3 24. Rxd3 c5 25. g4 Nh4 26. f4 Ng6 27. Re4 Re8
28. Rde3 Rxe4 29. Rxe4 b5 30. f5 Ne5 31. Bxe5 Re8 32. Kf2 Rxe5 33. Rxe5 dxe5 34.
d6 Kf8 35. Ke3 Ke8 36. Ke4 c4 37. a3 b4 38. axb4 c3 39. bxc3 a3 40. Kxe5 a2 41.
c4 a1=Q+ 42. Kd5 Kd7 0-1

[Event "TCh-ESP Div Honor 2015"]
[Site "Linares ESP"]
[Date "2015.08.17"]
[Round "3.4"]
[Board "6"]
[White "Larino Nieto, David"]
[Black "Fernandez Barrera, Victor"]
[Result "1-0"]
[WhiteTitle "GM"]
[BlackTitle "FM"]
[WhiteElo "2463"]
[BlackElo "2273"]
[WhiteTeam "Merida Patrimonio Humanidad"]
[BlackTeam "Chess24-VTI-Atocha"]
[WhiteFideId "2256444"]
[BlackFideId "2261529"]
[EventDate "2015.08.15"]

1. e4 e6 2. d4 d5 3. Nc3 Bb4 4. exd5 exd5 5. Bd3 Nc6 6. Ne2 Nge7 7. O-O Bf5 8.
Ng3 Bxd3 9. Qxd3 Qd7 10. a3 Bxc3 11. Qxc3 O-O-O 12. b4 Rde8 13. b5 Nd8 14. a4 h5
15. Re1 h4 16. Nf1 h3 17. g3 Nf5 18. Ne3 Kb8 19. Bd2 Nxe3 20. Rxe3 Rxe3 21. Qxe3
Re8 22. Qd3 Qe6 23. Kf1 g6 24. Re1 Qd7 25. Rxe8 Qxe8 26. g4 Ne6 27. c3 c6 28.
Qxh3 cxb5 29. a5 b4 30. cxb4 Nxd4 31. Qd3 Qe4 32. Qxe4 dxe4 33. h4 Ne6 34. h5
gxh5 35. gxh5 Kc7 36. h6 Nf8 37. b5 a6 38. Bb4 Nh7 39. Ke2 Nf6 40. Bc3 Nh7 41.
Ke3 axb5 42. Kxe4 Kd6 43. Bb4+ Kc6 44. Ke5 Kc7 1-0

[Event "TCh-ESP Div Honor 2015"]
[Site "Linares ESP"]
[Date "2015.08.18"]
[Round "4.1"]
[Board "1"]
[White "Van Wely, Loek"]
[Black "Kryvoruchko, Yuriy"]
[Result "0-1"]
[WhiteTitle "GM"]
[BlackTitle "GM"]
[WhiteElo "2654"]
[BlackElo "2697"]
[WhiteTeam "Gros Xake Taldea"]
[BlackTeam "Merida Patrimonio Humanidad"]
[WhiteFideId "1000268"]
[BlackFideId "14109182"]
[EventDate "2015.08.15"]

1. c4 Nf6 2. Nc3 e5 3. Nf3 Nc6 4. g3 d5 5. cxd5 Nxd5 6. Bg2 Nb6 7. O-O Be7 8. d3
O-O 9. Be3 Re8 10. Rc1 Bf8 11. a3 Nd4 12. Ne4 Bg4 13. Bxd4 exd4 14. b4 c6 15.
Qb3 Rc8 16. h3 Bxf3 17. Bxf3 Rc7 18. b5 c5 19. a4 Nd7 20. a5 g6 21. Bg2 Kg7 22.
f4 Nf6 23. b6 axb6 24. axb6 Rd7 25. Nxc5 Bxc5 26. Rxc5 Rxe2 27. Re5 Re3 28. Rf3
Rxf3 29. Bxf3 Rd6 30. Bxb7 Rxb6 31. Rb5 Rxb5 32. Qxb5 Qe7 33. Kh2 h5 34. Bg2 Qe3
35. Qe5 Qxd3 36. g4 hxg4 37. hxg4 Qe3 38. g5 Qxe5 39. fxe5 Ng4+ 40. Kg3 Nxe5 41.
Kf4 Nd7 42. Ke4 Nc5+ 43. Kxd4 Ne6+ 44. Ke5 Nxg5 45. Bd5 Kf8 46. Kf4 Ne6+ 47. Ke5
Ke7 48. Bc4 f6+ 49. Kd5 f5 50. Ke5 Ng5 51. Ba6 Nf7+ 52. Kd5 Kf6 53. Bc8 g5 54.
Kd4 g4 55. Bd7 Ne5 56. Bc8 Ng6 57. Bd7 Kg5 58. Ke3 f4+ 59. Kf2 Nh4 60. Bc6 f3 0-1

[Event "TCh-ESP Div Honor 2015"]
[Site "Linares ESP"]
[Date "2015.08.18"]
[Round "4.1"]
[Board "2"]
[White "Nisipeanu, Liviu-Dieter"]
[Black "Naiditsch, Arkadij"]
[Result "1/2-1/2"]
[WhiteTitle "GM"]
[BlackTitle "GM"]
[WhiteElo "2667"]
[BlackElo "2685"]
[WhiteTeam "Merida Patrimonio Humanidad"]
[BlackTeam "Gros Xake Taldea"]
[WhiteFideId "1202758"]
[BlackFideId "4650891"]
[EventDate "2015.08.15"]

1. Nf3 d5 2. g3 Nf6 3. Bg2 c5 4. O-O Nc6 5. d4 e6 6. c4 dxc4 7. dxc5 Qxd1 8.
Rxd1 Bxc5 9. Nbd2 c3 10. bxc3 O-O 11. Nb3 Be7 12. c4 Bd7 13. Bb2 Rfd8 14. Nfd4
Rac8 15. Nb5 b6 16. Nd6 Bxd6 17. Rxd6 Be8 18. Rxd8 Nxd8 19. Rc1 Bc6 20. c5 Bxg2
21. Kxg2 Nd7 22. cxb6 Rxc1 23. Bxc1 axb6 24. a4 Nc6 25. Bd2 Kf8 26. Bc3 f6 27.
a5 bxa5 28. Nxa5 Nxa5 29. Bxa5 Kf7 30. e4 e5 31. Bb4 1/2-1/2

[Event "TCh-ESP Div Honor 2015"]
[Site "Linares ESP"]
[Date "2015.08.18"]
[Round "4.1"]
[Board "3"]
[White "Franco Alonso, Alejandro"]
[Black "Saric, Ivan"]
[Result "0-1"]
[WhiteTitle "IM"]
[BlackTitle "GM"]
[WhiteElo "2459"]
[BlackElo "2661"]
[WhiteTeam "Gros Xake Taldea"]
[BlackTeam "Merida Patrimonio Humanidad"]
[WhiteFideId "2214067"]
[BlackFideId "14508150"]
[EventDate "2015.08.15"]

1. d4 Nf6 2. c4 e6 3. Nf3 Bb4+ 4. Bd2 Qe7 5. g3 Bxd2+ 6. Nbxd2 d6 7. Bg2 O-O 8.
Nf1 c5 9. Ne3 Nc6 10. O-O Rd8 11. Re1 e5 12. d5 Nd4 13. Nf1 Nxf3+ 14. exf3 Qd7
15. a4 Rb8 16. Ne3 a6 17. Bf1 g6 18. Qd2 Qc7 19. Reb1 b6 20. Nd1 Nh5 21. Be2 Ng7
22. Ne3 f5 23. Nd1 f4 24. g4 h5 25. h3 Qe7 26. Nc3 Kf7 27. Kg2 Rh8 28. Rh1 Bd7
29. b3 a5 30. Rh2 Rh6 31. Rah1 Rbh8 32. Ne4 g5 33. Qd1 Kf8 34. Bd3 Be8 35. Qe2
Bf7 36. Nc3 Ne8 37. Bf5 Ng7 38. Bd3 Qd8 39. Bc2 Ne8 40. Ne4 Qe7 41. Bd3 Nc7 42.
Nc3 Ke8 43. Bc2 Kd8 44. Bf5 Ne8 45. Nb5 Nf6 46. Nc3 Kc7 47. Ne4 Bg6 48. Bxg6
Rxg6 49. Nxf6 Qxf6 50. Qe4 Rgh6 51. Kg1 R8h7 52. gxh5 Rxh5 53. Kf1 R7h6 54. Ke2
Kd7 55. Kf1 Ke7 56. Kg2 Qf7 57. Qd3 Kf6 58. Qe4 Qe8 59. Kg1 Rh4 60. Kg2 Qd7 61.
Qd3 Rh8 62. Qe4 R8h7 63. Qd3 Qf5 64. Qxf5+ Kxf5 65. Re1 Re7 66. Rhh1 e4 67.
fxe4+ Rxe4 68. Rxe4 Kxe4 69. Re1+ Kd4 70. Re6 Kc3 71. Rxd6 Kxb3 72. Rxb6+ Kxc4
73. d6 Rh7 74. Rc6 Rd7 75. Kf3 Kd5 76. Ra6 Rxd6 77. Rxa5 Kd4 78. Rb5 Rh6 79. a5
Rxh3+ 80. Kg4 Ra3 81. Kxg5 f3 82. Kf4 c4 83. Rb8 c3 84. Rd8+ Kc4 85. Rc8+ Kd3
86. Kxf3 c2 87. a6 Rc3 0-1

[Event "TCh-ESP Div Honor 2015"]
[Site "Linares ESP"]
[Date "2015.08.18"]
[Round "4.1"]
[Board "4"]
[White "Landa, Konstantin"]
[Black "Gonzalez De La Torre, Santiago"]
[Result "1-0"]
[WhiteTitle "GM"]
[BlackTitle "IM"]
[WhiteElo "2624"]
[BlackElo "2438"]
[WhiteTeam "Merida Patrimonio Humanidad"]
[BlackTeam "Gros Xake Taldea"]
[WhiteFideId "4101685"]
[BlackFideId "2221667"]
[EventDate "2015.08.15"]

1. e4 c5 2. Nf3 e6 3. b3 b6 4. Bb2 Bb7 5. Qe2 Nf6 6. e5 Nd5 7. g3 Nb4 8. Na3
N8c6 9. c3 Ba6 10. Qe4 Bxf1 11. Kxf1 Nd5 12. c4 f5 13. Qe2 Ndb4 14. Nb5 a6 15.
Nd6+ Bxd6 16. exd6 O-O 17. d3 Nd4 18. Nxd4 cxd4 19. Bxd4 Nc6 20. Be5 Nxe5 21.
Qxe5 f4 22. g4 Rc8 23. d4 Rc6 24. Rd1 Qb8 25. Kg2 Rxd6 26. Rhe1 b5 27. Re4 bxc4
28. bxc4 Qb7 29. Rd3 Rb6 30. Rf3 Rb2 31. Rexf4 Rxf4 32. Qxf4 h6 33. g5 hxg5 34.
Qf7+ Kh7 35. Qh5+ Kg8 36. Qf7+ Kh7 37. Qh5+ Kg8 38. Qe8+ Kh7 39. d5 g4 40. Rf8 1-0

[Event "TCh-ESP Div Honor 2015"]
[Site "Linares ESP"]
[Date "2015.08.18"]
[Round "4.1"]
[Board "5"]
[White "Argandona Riveiro, Inigo"]
[Black "Korneev, Oleg"]
[Result "0-1"]
[WhiteTitle "IM"]
[BlackTitle "GM"]
[WhiteElo "2429"]
[BlackElo "2569"]
[WhiteTeam "Gros Xake Taldea"]
[BlackTeam "Merida Patrimonio Humanidad"]
[WhiteFideId "2212072"]
[BlackFideId "4156803"]
[EventDate "2015.08.15"]

1. Nf3 d5 2. d4 Nf6 3. c4 dxc4 4. e3 a6 5. Bxc4 e6 6. O-O b5 7. Bd3 Bb7 8. a4 b4
9. Re1 c5 10. e4 Be7 11. Nbd2 cxd4 12. e5 Nfd7 13. Ne4 Nc6 14. Ng3 Nc5 15. Nh5
g6 16. Nf6+ Bxf6 17. exf6 h6 18. Bf4 Qxf6 19. Bg3 Nxd3 20. Qxd3 O-O 21. Re4 Ne7
22. Rf4 Nf5 23. Re1 Bxf3 24. Rxf3 Qg7 25. Be5 f6 26. Bxd4 Rad8 27. Rxf5 exf5 28.
Qc4+ Qf7 29. Qxb4 Rfe8 30. Be3 g5 31. g3 Kg7 32. Rc1 Kg6 33. Qa5 Qe6 34. Qc7 Rc8 0-1

[Event "TCh-ESP Div Honor 2015"]
[Site "Linares ESP"]
[Date "2015.08.18"]
[Round "4.1"]
[Board "6"]
[White "Larino Nieto, David"]
[Black "Etchegaray, Patrice"]
[Result "1-0"]
[WhiteTitle "GM"]
[BlackTitle "IM"]
[WhiteElo "2463"]
[BlackElo "2393"]
[WhiteTeam "Merida Patrimonio Humanidad"]
[BlackTeam "Gros Xake Taldea"]
[WhiteFideId "2256444"]
[BlackFideId "601047"]
[EventDate "2015.08.15"]

1. Nf3 Nf6 2. b3 g6 3. Bb2 Bg7 4. g3 b6 5. Bg2 Bb7 6. c4 c5 7. O-O O-O 8. d4 d5
9. dxc5 dxc4 10. Qxd8 Rxd8 11. cxb6 cxb3 12. bxa7 Rxa7 13. axb3 Rxa1 14. Bxa1
Na6 15. Nbd2 Ne4 16. Nxe4 Bxe4 17. Ne5 Bxg2 18. Kxg2 Bxe5 19. Bxe5 Rd5 20. Bc3
Rc5 21. Rc1 f6 22. Bd2 Rb5 23. b4 Kf7 24. e4 h5 25. h3 Rb6 26. Rb1 g5 27. Kf3
Rb5 28. Ke3 Ke6 29. Kd4 Kd6 30. Rc1 Rb6 31. Rb1 Rb5 32. Kc4 Kc6 33. Rc1 Re5 34.
f3 Rb5 35. f4 gxf4 36. gxf4 f5 37. Kb3+ Kb7 38. Ka4 Rb6 39. b5 Nb8 40. Ba5 Rd6
41. Rc7+ Ka8 42. e5 Rd4+ 43. Kb3 Nd7 44. e6 Nf6 45. Rxe7 Rxf4 46. Rf7 Nd5 47. e7
Nxe7 48. Rxe7 h4 49. b6 Rf3+ 50. Bc3 Rxh3 51. Kc4 1-0

[Event "TCh-ESP Div Honor 2015"]
[Site "Linares ESP"]
[Date "2015.08.18"]
[Round "4.2"]
[Board "1"]
[White "Sargissian, Gabriel"]
[Black "Anton Guijarro, David"]
[Result "1/2-1/2"]
[WhiteTitle "GM"]
[BlackTitle "GM"]
[WhiteElo "2673"]
[BlackElo "2635"]
[WhiteTeam "Magic Extremadura"]
[BlackTeam "Chess24-VTI-Atocha"]
[WhiteFideId "13300881"]
[BlackFideId "2285525"]
[EventDate "2015.08.15"]

1. d4 f5 2. Nc3 Nf6 3. Bg5 d5 4. e3 e6 5. Nf3 c5 6. Be2 Nc6 7. O-O cxd4 8. exd4
a6 9. Nb1 Be7 10. c4 O-O 11. Nc3 dxc4 12. Bxc4 b5 13. Bb3 Na5 14. Re1 Nxb3 15.
Qxb3 h6 16. Bxf6 Bxf6 17. d5 exd5 18. Nxd5 Kh7 19. Rad1 Bb7 20. Nxf6+ Qxf6 21.
Re6 Qf7 22. Ne5 Qh5 23. f3 Rfe8 24. Nd7 Rad8 25. Red6 Rc8 26. Qd3 Kh8 27. Rd4
Re7 28. Nb6 Rce8 29. Rd8 Qh4 30. Rxe8+ Rxe8 31. Qd2 Bc6 32. Qf2 Qf4 33. h3 Kh7
34. a3 Re6 35. Nd5 Bxd5 1/2-1/2

[Event "TCh-ESP Div Honor 2015"]
[Site "Linares ESP"]
[Date "2015.08.18"]
[Round "4.2"]
[Board "2"]
[White "Gustafsson, Jan"]
[Black "Oparin, Grigoriy"]
[Result "1/2-1/2"]
[WhiteTitle "GM"]
[BlackTitle "GM"]
[WhiteElo "2630"]
[BlackElo "2564"]
[WhiteTeam "Chess24-VTI-Atocha"]
[BlackTeam "Magic Extremadura"]
[WhiteFideId "4625498"]
[BlackFideId "24125890"]
[EventDate "2015.08.15"]

1. Nf3 Nf6 2. c4 e6 3. Nc3 c5 4. d4 cxd4 5. Nxd4 Nc6 6. Bf4 d6 7. Nxc6 bxc6 8.
g3 Be7 9. Bg2 Bb7 10. Qa4 O-O 11. Bxc6 Qb6 12. Bxb7 Qxb7 13. O-O Qxb2 14. Qb3
Rfb8 15. Qxb2 Rxb2 16. Rab1 Rab8 17. Rxb2 Rxb2 18. Rd1 Ne8 19. Rb1 Rxb1+ 20.
Nxb1 f5 21. Nd2 Kf7 22. e4 fxe4 23. Nxe4 d5 24. cxd5 exd5 25. Nd2 Nd6 26. Be3 a6
27. Kf1 Nb5 28. Nb1 d4 29. Bc1 Ke6 30. Ke2 Kd5 31. Kd3 Na7 32. f4 Nc6 33. a3 a5
34. Nd2 a4 35. Nf3 g6 36. g4 Bd6 37. h3 Be7 38. Bb2 Bd6 39. Bc1 Be7 40. Bb2 Bd6 1/2-1/2

[Event "TCh-ESP Div Honor 2015"]
[Site "Linares ESP"]
[Date "2015.08.18"]
[Round "4.2"]
[Board "4"]
[White "Rubio Mejia, Luis Ignacio"]
[Black "Perez Candelario, Manuel"]
[Result "1/2-1/2"]
[WhiteTitle "IM"]
[BlackTitle "GM"]
[WhiteElo "2458"]
[BlackElo "2569"]
[WhiteTeam "Chess24-VTI-Atocha"]
[BlackTeam "Magic Extremadura"]
[WhiteFideId "2281228"]
[BlackFideId "2210622"]
[EventDate "2015.08.15"]

1. d4 Nf6 2. c4 g6 3. Nc3 Bg7 4. e4 d6 5. Nf3 O-O 6. h3 e5 7. d5 Nh5 8. g3 Na6
9. Nh2 c6 10. Ng4 Kh8 11. Ne3 cxd5 12. cxd5 Bd7 13. Bd2 Rc8 14. a3 Nf6 15. Bd3
Ng8 16. g4 f5 17. gxf5 gxf5 18. exf5 Nc5 19. Bc2 e4 20. Nxe4 Nxe4 21. Bxe4 Qe7
22. Qf3 Bb5 23. a4 Ba6 24. Rc1 Bxb2 25. Rxc8 Rxc8 26. f6 Nxf6 27. Bf5 Rf8 28.
Be6 Nd7 29. Rg1 Bg7 30. Nf5 Ne5 31. Qg3 Rxf5 32. Qxg7+ Qxg7 33. Rxg7 Kxg7 34.
Bxf5 Nf3+ 35. Kd1 Nxd2 36. Kxd2 b6 37. Ke3 h6 38. f4 Kf6 39. Bc2 Bc8 40. h4 Bf5
41. Bd1 Bb1 42. Bg4 Kg6 43. Bd7 Bc2 44. Be8+ Kf6 45. Bd7 Bd1 46. Ke4 Bc2+ 47.
Ke3 Bb3 48. Ke4 Ke7 49. Bc6 Bd1 50. Ke3 Bc2 51. Kd4 Bb3 52. Ke4 Kf6 53. Bd7 Bc2+
54. Ke3 Bf5 55. Bb5 Bh3 56. Be8 Bg2 57. Bc6 Bh3 58. Be8 Bc8 59. Ke4 a6 60. Bc6
Bh3 61. Bb7 Bf1 62. Bc8 Bc4 63. Kd4 Bb3 64. Bd7 Ke7 65. Bc6 Kf6 66. Bd7 Kg6 67.
Ke4 Bc2+ 68. Ke3 Bf5 69. Be8+ Kf6 70. Kd4 Bc8 71. Ke4 Bh3 72. Ke3 Bf1 73. Ke4
Bc4 74. Bd7 Bb3 75. Bc6 Bc2+ 76. Ke3 Ke7 77. Kd4 Bg6 78. Ke3 Kd8 79. Kd4 Bf5 80.
Bb7 Bd7 81. Bxa6 Bxa4 82. Bd3 Ke7 83. Kc4 Bd7 84. Bh7 Kf6 85. Be4 Bf5 86. Bf3
Bd7 87. Be4 Be8 88. Bc2 Bd7 1/2-1/2

[Event "TCh-ESP Div Honor 2015"]
[Site "Linares ESP"]
[Date "2015.08.18"]
[Round "4.2"]
[Board "5"]
[White "Santos Latasa, Jaime"]
[Black "Almagro Llamas, Pablo"]
[Result "1-0"]
[WhiteTitle "IM"]
[BlackTitle "IM"]
[WhiteElo "2521"]
[BlackElo "2433"]
[WhiteTeam "Magic Extremadura"]
[BlackTeam "Chess24-VTI-Atocha"]
[WhiteFideId "2293307"]
[BlackFideId "2221799"]
[EventDate "2015.08.15"]

1. c4 e5 2. Nc3 Nc6 3. Nf3 Nf6 4. g3 d5 5. cxd5 Nxd5 6. Bg2 Nb6 7. O-O Be7 8. a3
Be6 9. b4 O-O 10. Rb1 f6 11. d3 Qd7 12. b5 Nd4 13. Nd2 c6 14. bxc6 Nxc6 15. Nc4
Nxc4 16. dxc4 Rad8 17. Nd5 b6 18. Qd3 Bc5 19. Bb2 f5 20. e3 e4 21. Qc3 Na5 22.
Rfd1 Nxc4 23. Nf4 Qxd1+ 24. Rxd1 Rxd1+ 25. Bf1 Nxb2 26. Nxe6 Rf6 27. Nxc5 bxc5
28. Qxb2 Rb6 29. Qe5 1-0

[Event "TCh-ESP Div Honor 2015"]
[Site "Linares ESP"]
[Date "2015.08.18"]
[Round "4.2"]
[Board "6"]
[White "Martinez Martin, David"]
[Black "Moreno Tejera, Emilio"]
[Result "0-1"]
[WhiteTitle "IM"]
[BlackTitle "IM"]
[WhiteElo "2408"]
[BlackElo "2444"]
[WhiteTeam "Chess24-VTI-Atocha"]
[BlackTeam "Magic Extremadura"]
[WhiteFideId "2209748"]
[BlackFideId "2227584"]
[EventDate "2015.08.15"]

1. d4 f5 2. Nc3 d5 3. Bf4 a6 4. e3 Nf6 5. Nf3 e6 6. Ne5 Nbd7 7. g4 Nxe5 8. dxe5
Nxg4 9. h3 Nh6 10. Bxh6 gxh6 11. Qh5+ Kd7 12. e4 fxe4 13. Nxe4 c6 14. Nf6+ Kc7
15. Rg1 Kb8 16. O-O-O Be7 17. Rd3 Bxf6 18. exf6 Qxf6 19. Rf3 Qd8 20. Qe5+ Ka7
21. Bxa6 bxa6 22. Rb3 Bb7 23. Rg7 Rb8 24. Qd4+ Ka8 25. Rb6 Qg5+ 26. f4 c5 27.
fxg5 cxd4 28. gxh6 Bc8 29. Rc6 Rb7 30. Rxa6+ Kb8 31. Ra3 Rxg7 32. hxg7 Rg8 33.
Rg3 Kc7 34. a4 Bd7 35. a5 Kc6 36. b4 Kb5 37. Kb2 Kxb4 38. a6 Kc5 39. a7 Bc8 0-1

[Event "TCh-ESP Div Honor 2015"]
[Site "Linares ESP"]
[Date "2015.08.18"]
[Round "4.3"]
[Board "1"]
[White "Harikrishna, Pentala"]
[Black "Granda Zuniga, Julio E"]
[Result "1-0"]
[WhiteTitle "GM"]
[BlackTitle "GM"]
[WhiteElo "2740"]
[BlackElo "2663"]
[WhiteTeam "Solvay"]
[BlackTeam "Ajedrez Collado Villalba"]
[WhiteFideId "5007003"]
[BlackFideId "3800024"]
[EventDate "2015.08.15"]

1. e4 e5 2. Nf3 Nc6 3. Bc4 Bc5 4. O-O Nf6 5. d3 d6 6. c3 Bb6 7. Bb3 Ne7 8. Nbd2
c6 9. Nc4 Bc7 10. Bg5 Be6 11. Ne3 d5 12. Bxf6 gxf6 13. Nh4 Ng6 14. Nhf5 Qd7 15.
Ng7+ Kf8 16. Nh5 Nf4 17. g3 Nxh5 18. Qxh5 Kg7 19. exd5 cxd5 20. d4 exd4 21. cxd4
Rhd8 22. Bc2 h6 23. Bf5 Ba5 24. Rad1 Rh8 25. Rd3 Rac8 26. a3 Rc6 27. b4 Bd8 28.
Re1 a6 29. Rd2 Kf8 30. Rde2 Rb6 31. Bxe6 fxe6 32. Ng2 Bc7 33. Qg4 h5 34. Qf3 Kf7
35. Nh4 Rc6 36. Qd3 Rh6 37. b5 Rb6 38. a4 axb5 39. axb5 Bd8 40. Rb1 f5 41. Nf3
Bf6 42. Rc2 Rh8 43. Rbc1 Qxb5 44. Rc7+ Kg6 45. Qe3 h4 46. Ne5+ Bxe5 47. Qxe5 1-0

[Event "TCh-ESP Div Honor 2015"]
[Site "Linares ESP"]
[Date "2015.08.18"]
[Round "4.3"]
[Board "2"]
[White "Fier, Alexandr"]
[Black "Adhiban, Baskaran"]
[Result "1/2-1/2"]
[WhiteTitle "GM"]
[BlackTitle "GM"]
[WhiteElo "2636"]
[BlackElo "2643"]
[WhiteTeam "Ajedrez Collado Villalba"]
[BlackTeam "Solvay"]
[WhiteFideId "2107139"]
[BlackFideId "5018471"]
[EventDate "2015.08.15"]

1. d4 d5 2. c4 c6 3. Nf3 Nf6 4. Nc3 e6 5. e3 Nbd7 6. Bd3 dxc4 7. Bxc4 b5 8. Bd3
Bd6 9. O-O O-O 10. Bd2 b4 11. Na4 c5 12. dxc5 Nxc5 13. Nxc5 Bxc5 14. Qe2 Qd6 15.
Rad1 Rd8 16. Bc1 Qb6 17. e4 Rxd3 18. Rxd3 Ba6 19. Bg5 Ng4 20. Bh4 Bd6 21. Rc1 h6
22. h3 Ne5 23. Nxe5 Bxe5 24. Qh5 Qb5 25. Rd5 exd5 26. Qxe5 dxe4 27. Qxe4 Re8 28.
Be7 b3 29. axb3 Qxb3 30. Qb4 Qd5 31. Rc7 Bb5 32. Rxa7 Bc6 33. f3 Qd1+ 34. Kf2
Qc2+ 35. Kg3 Qe2 36. Qc5 Qxb2 37. Qxc6 Qe5+ 38. Kf2 Rxe7 39. Rxe7 Qxe7 40. Qd5
g6 1/2-1/2

[Event "TCh-ESP Div Honor 2015"]
[Site "Linares ESP"]
[Date "2015.08.18"]
[Round "4.3"]
[Board "3"]
[White "Ganguly, Surya Shekhar"]
[Black "Vazquez Igarza, Renier"]
[Result "1-0"]
[WhiteTitle "GM"]
[BlackTitle "GM"]
[WhiteElo "2631"]
[BlackElo "2581"]
[WhiteTeam "Solvay"]
[BlackTeam "Ajedrez Collado Villalba"]
[WhiteFideId "5002150"]
[BlackFideId "3503054"]
[EventDate "2015.08.15"]

1. d4 Nf6 2. c4 e6 3. Nf3 d5 4. e3 b6 5. b3 Bb7 6. Bd3 Bd6 7. O-O O-O 8. Bb2
Nbd7 9. Nc3 a6 10. Rc1 Ne4 11. Ne2 Qf6 12. Ng3 Nxg3 13. hxg3 h6 14. Bb1 Qe7 15.
Nh4 c6 16. e4 dxe4 17. Bxe4 Nf6 18. Bb1 Ba3 19. Bxa3 Qxa3 20. c5 Rfd8 21. cxb6
Qb4 22. Nf3 a5 23. Qc2 Qxb6 24. Rfe1 Rd5 25. Re3 Rad8 26. Rc3 h5 27. Rc4 Rb5 28.
Ne5 Rbd5 29. Nf3 Rb5 30. Qc3 Rb4 31. Bc2 Rxc4 32. bxc4 c5 33. Rb1 Qc7 34. dxc5
Ng4 35. Rb5 a4 36. Qa5 Qd7 37. Rxb7 1-0

[Event "TCh-ESP Div Honor 2015"]
[Site "Linares ESP"]
[Date "2015.08.18"]
[Round "4.3"]
[Board "4"]
[White "Arribas Lopez, Angel"]
[Black "Delchev, Aleksander"]
[Result "1/2-1/2"]
[WhiteTitle "GM"]
[BlackTitle "GM"]
[WhiteElo "2559"]
[BlackElo "2604"]
[WhiteTeam "Ajedrez Collado Villalba"]
[BlackTeam "Solvay"]
[WhiteFideId "2283352"]
[BlackFideId "2900394"]
[EventDate "2015.08.15"]

1. e4 e5 2. Nf3 Nc6 3. d4 exd4 4. Nxd4 Bb4+ 5. c3 Bc5 6. Nb3 Bb6 7. Bf4 Nge7 8.
c4 d6 9. Nc3 O-O 10. Qd2 Be6 11. Nd5 f5 12. a4 fxe4 13. a5 Nd4 14. Ra3 Nxb3 15.
Rxb3 Bxa5 16. Qxa5 Bxd5 17. cxd5 Rxf4 18. Rxb7 Ng6 19. g3 Rf7 20. Bh3 Qf6 21.
O-O Kh8 22. Be6 Re7 23. Rxc7 Rxc7 24. Qxc7 Ne5 25. Qxd6 Nf3+ 26. Kg2 Nd2 27. Rc1
Qf3+ 28. Kh3 Qh5+ 29. Kg2 Qf3+ 30. Kh3 Qh5+ 31. Kg2 Nc4 1/2-1/2